| 000 | 00677nam a2200217Ii 4500 | ||
|---|---|---|---|
| 003 | JO-AjNU | ||
| 008 | 230606s9999||||xx |||||||||||||| ||und|| | ||
| 020 | _a978-1-491-95202-3 | ||
| 040 |
_aJO-AjNU _beng _erda _cJO-AjNU |
||
| 041 | _aeng | ||
| 050 | 1 | 4 | _aQA76.73.J39.F53 2020 |
| 100 | 3 |
_a Flanagan, David, _eauthor _96350 |
|
| 245 | 0 | 0 | _aJava Script The Definitive Guide Master the World,s Most-Used Programming Language |
| 250 | _a7th ed | ||
| 264 | 3 | 1 | _aBeijing: O,Reilly, 2020 |
| 300 | _a687p | ||
| 336 |
_atext _btxt _2rdacontent |
||
| 337 |
_aunmediated _bn _2rdamedia |
||
| 338 |
_avolume _bnc _2rdacarrier |
||
| 650 | 4 |
_aJavascript-computer program-languages _96351 |
|
| 999 |
_aE3293 _c3289 _d3289 |
||